000 00863nam a22002297a 4500
008 240605b mp ||||| |||| 00| 0 mon d
020 _a978-99973-1-443-7
035 _a8807
040 _aHE0623081
_bmon
_cMN-UlNLM
_dMN-UlNLM
_erda
041 _amon
042 _a18361
084 _2NNA
_a84(0)-44
_bВ.679
100 _aВоллиамс Д.
245 0 _aДаашинзтай хөл бөмбөгчид
264 _aУБ.
_bМонсудар
_c2017
300 _a254х.
336 _2rdacontent
_atext
_btxt
337 _2rdamedia
_aunmediated
_bn
338 _2rdacarrier
_avolume
_bnc
650 _aӨсвөр насныханд зориулсан Бестселлер ном. Гарчиг: Тэврэлдэхгүй, Тарган аав, Гудасны доор, Алга болохыг хүснэ, Зүгээр л сараачс...
942 _2NNA
_cBK
999 _c880992
_d881049